[Event "Schwarzach op-A"]
[Site "Schwarzach"]
[Date "2002.??.??"]
[Round "4"]
[White "Palo, Davor"]
[Black "Kappler, Jean Marie"]
[Result "1-0"]
[WhiteElo "2337"]
[BlackElo "2235"]
[PlyCount "121"]
[EventDate "2002.08.??"]
[EventType "swiss"]
[EventRounds "9"]
[EventCountry "AUT"]
[SourceTitle "EXT 2003"]
[Source "ChessBase"]
[SourceDate "2002.11.25"]
[SourceVersion "1"]
[SourceVersionDate "2002.11.25"]
[SourceQuality "1"]

1. d4 e6 2. c4 b6 3. Nf3 Bb7 4. a3 f5 5. Nc3 Nf6 6. d5 Bd6 7. g3 0-0 8. Bg2 Na6 9. b4 c5 10. Nb5 Ne4 11. Nd2 Be5 12. Nxe4 fxe4 13. Rb1 Nc7 14. bxc5 Nxb5 15. Rxb5 exd5 16. cxd5 Ba6 17. Rb3 bxc5 18. 0-0 Rb8 19. Re3 Qa5 20. Rxe4 Bf6 21. Qc2 c4 22. Rg4 Qc3 23. Qxc3 Bxc3 24. Be4 Rfe8 25. d6 Re5 26. Rd1 h5 27. Rf4 g5 28. Rf3 Rxe4 29. Rxc3 Rb1 30. Kf1 g4 31. Ke1 Bb5 32. Be3 Rb2 33. Rd2 Rb1+ 34. Rd1 Rb2 35. Rdc1 Re6 36. a4 Ba6 37. R3c2 Rxc2 38. Rxc2 Rxd6 39. Bxa7 Kf7 40. Bc5 Rd5 41. Bb4 Ke6 42. Bc3 Rc5 43. Rb2 Rc6 44. Rb8 Bc8 45. Kd2 Kd5 46. a5 Ke4 47. Bg7 d5 48. Kc3 Rc7 49. Bd4 Rb7 50. f3+ gxf3 51. exf3+ Kxf3 52. Rxc8 Rb3+ 53. Kc2 Ra3 54. Bc3 Ra2+ 55. Kb1 Ra3 56. Kb2 Rb3+ 57. Kc2 Ra3 58. Rd8 Ke4 59. Re8+ Kf3 60. Re5 Ra2+ 61. Kb1 1-0

[Event "Bad Wildbad op"]
[Site "Bad Wildbad"]
[Date "2000.04.03"]
[Round "5"]
[White "Probst, Alexander"]
[Black "Kappler, Jean Marie"]
[Result "0-1"]
[WhiteElo "2143"]
[BlackElo "2248"]
[PlyCount "96"]
[EventDate "2000.04.01"]
[EventType "swiss"]
[EventRounds "9"]
[EventCountry "GER"]
[SourceTitle "EXT 2001"]
[Source "ChessBase"]
[SourceDate "2000.11.22"]
[SourceVersion "1"]
[SourceVersionDate "2000.11.22"]
[SourceQuality "1"]

1. e4 e6 2. d4 d5 3. Nc3 Bb4 4. e5 c5 5. a3 Bxc3+ 6. bxc3 Qc7 7. Nf3 b6 8. Bd3 Ba6 9. 0-0 Bxd3 10. Qxd3 Ne7 11. a4 Nd7 12. Ba3 Rc8 13. Qa6 0-0 14. Rfb1 Rb8 15. Rb2 Nc6 16. Qd3 h6 17. c4 dxc4 18. Qxc4 Rfd8 19. c3 Rbc8 20. Re2 cxd4 21. cxd4 Ncxe5 22. Nxe5 Qxc4 23. Nxc4 Rxc4 24. Bb2 Nf6 25. Kf1 Nd5 26. g3 Rdc8 27. Rd2 a5 28. Ke2 Rb4 29. Kd3 Rcc4 30. Rc2 Rxc2 31. Kxc2 f6 32. f4 f5 33. Ra3 Kf7 34. Ba1 Kg6 35. Bb2 Kh5 36. h4 Kg4 37. Ba1 g6 38. Kd2 Nf6 39. Bc3 Ne4+ 40. Kd3 Rb1 41. d5 exd5 42. Kd4 Nxg3 43. Kxd5 Ne2 44. Be5 Nxf4+ 45. Kc6 Ne6 46. Rg3+ Kh5 47. Bd6 Nc5 48. Kc7 Rb4 0-1

[Event "Verbandsliga Sued Baden 9596"]
[Site "Germany"]
[Date "1996.03.03"]
[Round "7.4"]
[White "Busch, Klaus"]
[Black "Kappler, Jean Marie"]
[Result "1/2-1/2"]
[WhiteElo "2355"]
[BlackElo "2290"]
[PlyCount "85"]
[EventDate "1995.10.??"]
[EventType "team"]
[EventRounds "9"]
[EventCountry "GER"]
[SourceTitle "EXT 2004"]
[Source "ChessBase"]
[SourceDate "2003.11.25"]
[SourceVersion "1"]
[SourceVersionDate "2003.11.25"]
[SourceQuality "1"]
[WhiteTeam "Kuppenheim"]
[BlackTeam "Kehl"]
[WhiteTeamCountry "GER"]
[BlackTeamCountry "GER"]

1. e4 e6 2. d4 d5 3. Nc3 Bb4 4. e5 c5 5. Bd2 Ne7 6. dxc5 Nbc6 7. Qg4 0-0 8. Nf3 Bxc5 9. Bd3 Ng6 10. Qh5 Be7 11. a3 a6 12. 0-0 Bd7 13. Bg5 Rc8 14. Rae1 Qb6 15. Kh1 Rfe8 16. Qh3 Qd8 17. Bxe7 Qxe7 18. Qg3 Nf8 19. Ne2 f6 20. Nf4 f5 21. Bxf5 exf5 22. Nxd5 Qf7 23. Nf6+ Kh8 24. Ng5 Qg6 25. Nxd7 Nxd7 26. e6 Nf6 27. Nf7+ Kg8 28. Nd6 Qxg3 29. fxg3 Ne7 30. c4 Rc6 31. Nxe8 Nxe8 32. Rf4 Nc7 33. Rd4 Nxe6 34. Rd7 Kf7 35. Rxb7 Rxc4 36. h3 Nc7 37. Kh2 Ned5 38. Re5 Kf6 39. Re2 h6 40. Rb8 Ne6 41. b4 Rc1 42. Re8 Ndc7 43. Rb8 1/2-1/2

[Event "Verbandsliga Sued Baden 9495"]
[Site "Germany"]
[Date "1995.02.12"]
[Round "6.5"]
[White "Kappler, Jean Marie"]
[Black "Schmied, Andreas"]
[Result "1-0"]
[WhiteElo "2295"]
[BlackElo "2090"]
[PlyCount "59"]
[EventDate "1994.10.??"]
[EventType "team"]
[EventRounds "9"]
[EventCountry "GER"]
[SourceTitle "EXT 1999"]
[Source "ChessBase"]
[SourceDate "1998.11.16"]
[SourceVersion "1"]
[SourceVersionDate "1998.11.16"]
[SourceQuality "1"]
[WhiteTeam "Kehl"]
[BlackTeam "Vimbuch"]
[WhiteTeamCountry "GER"]
[BlackTeamCountry "GER"]

1. e4 c5 2. Nc3 Nc6 3. g3 g6 4. Bg2 Bg7 5. d3 Rb8 6. Nge2 b5 7. Be3 Nd4 8. b4 d6 9. 0-0 e6 10. a4 a6 11. axb5 axb5 12. Rb1 Bd7 13. bxc5 dxc5 14. e5 Bxe5 15. Ne4 Qc7 16. c3 Nxe2+ 17. Qxe2 c4 18. d4 Bg7 19. Bf4 e5 20. dxe5 Be6 21. Nd6+ Kf8 22. Nxb5 Qa5 23. Nd4 Rc8 24. Nxe6+ fxe6 25. Qg4 Bxe5 26. Qg5 Rc5 27. Bxe5 Rxe5 28. Rb8+ Kg7 29. Rb7+ Kf8 30. Qf4+ 1-0

[Event "Kiekrz op"]
[Site "Kiekrz"]
[Date "1995.??.??"]
[Round "5"]
[White "Boe, Mads"]
[Black "Kappler, Jean Marie"]
[Result "1/2-1/2"]
[WhiteElo "2315"]
[BlackElo "2295"]
[PlyCount "115"]
[EventDate "1995.??.??"]
[EventType "swiss"]
[EventRounds "7"]
[EventCountry "BEL"]
[SourceTitle "EXT 1998"]
[Source "ChessBase"]
[SourceDate "1997.11.17"]
[SourceVersion "1"]
[SourceVersionDate "1997.11.17"]
[SourceQuality "1"]

1. e4 e6 2. d4 d5 3. e5 c5 4. c3 Nc6 5. Nf3 Nh6 6. Be2 Nf5 7. b3 Bd7 8. 0-0 cxd4 9. cxd4 Be7 10. Na3 0-0 11. Nc2 Rc8 12. g4 Nh4 13. Nxh4 Bxh4 14. f4 Be7 15. Rf3 f6 16. Be3 Be8 17. Bd3 Bg6 18. Bxg6 hxg6 19. exf6 Rxf6 20. Rc1 Qa5 21. Ne1 Rcf8 22. Rf2 g5 23. fxg5 Rxf2 24. Bxf2 Bxg5 25. Rc2 Qc7 26. Qe2 Qf7 27. Rc3 e5 28. Rf3 Bf4 29. dxe5 Nxe5 30. Rc3 Bxh2+ 31. Kg2 Bf4 32. Bd4 Nc6 33. Nf3 Qg6 34. Kh3 Re8 35. Qf2 a6 36. Nh4 Qe4 37. Ng2 Bg5 38. Bc5 Bf6 39. Re3 Qh7+ 40. Nh4 Rxe3+ 41. Bxe3 Qd3 42. Qd2 Qe4 43. g5 Be5 44. Qf2 d4 45. Bd2 g6 46. Qf3 Qxf3+ 47. Nxf3 Kf7 48. Kg4 Ke6 49. Nh4 Ne7 50. Kf3 Kd5 51. Bb4 Bd6 52. Bxd6 Kxd6 53. Ke4 Kc5 54. Nf3 Nc6 55. Nh4 Ne7 56. Nf3 Nc6 57. Nh4 Ne7 58. Nf3 1/2-1/2

[Event "Budapest FS06 IM"]
[Site "Budapest"]
[Date "1995.??.??"]
[Round "11"]
[White "Eperjesi, Laszlo"]
[Black "Kappler, Jean Marie"]
[Result "1-0"]
[WhiteElo "2350"]
[BlackElo "2295"]
[PlyCount "61"]
[EventDate "1995.06.??"]
[EventType "tourn"]
[EventRounds "11"]
[EventCountry "HUN"]
[EventCategory "2"]
[SourceTitle "EXT 1997"]
[Source "ChessBase"]
[SourceDate "1996.11.15"]
[SourceVersion "1"]
[SourceVersionDate "1996.11.15"]
[SourceQuality "1"]

1. d4 e6 2. Nf3 f5 3. g3 Nf6 4. Bg2 Be7 5. 0-0 0-0 6. c4 d5 7. Nbd2 Nc6 8. e3 Ne4 9. a3 a5 10. b3 Bd7 11. Bb2 Qe8 12. Qc2 Qh5 13. Rfc1 Rf6 14. Nf1 Rff8 15. Qd1 Rfc8 16. Rc2 a4 17. b4 b5 18. cxd5 exd5 19. Ne5 Qe8 20. Rac1 Nxe5 21. dxe5 c5 22. Qxd5+ Kh8 23. e6 Bc6 24. Qxf5 Nf6 25. bxc5 Bxg2 26. Kxg2 Qc6+ 27. f3 Rd8 28. e4 Kg8 29. Ne3 Rd3 30. Nd5 Re8 31. Nb4 1-0

[Event "Budapest FS06 IM"]
[Site "Budapest"]
[Date "1995.??.??"]
[Round "6"]
[White "Gardner, Robert"]
[Black "Kappler, Jean Marie"]
[Result "1-0"]
[WhiteElo "2185"]
[BlackElo "2295"]
[PlyCount "75"]
[EventDate "1995.06.??"]
[EventType "tourn"]
[EventRounds "11"]
[EventCountry "HUN"]
[EventCategory "2"]
[SourceTitle "EXT 1997"]
[Source "ChessBase"]
[SourceDate "1996.11.15"]
[SourceVersion "1"]
[SourceVersionDate "1996.11.15"]
[SourceQuality "1"]

1. e4 e6 2. d4 d5 3. Nd2 Be7 4. e5 c5 5. c3 cxd4 6. cxd4 Nc6 7. Ndf3 Nh6 8. Bd3 Nf5 9. Ne2 0-0 10. 0-0 Qb6 11. b3 Bd7 12. Bb2 Nb4 13. Bb1 Rfc8 14. a3 Nc6 15. Bd3 Na5 16. b4 Nc4 17. Bc3 a5 18. Qb3 axb4 19. axb4 g6 20. Rfb1 Bb5 21. Be1 Bf8 22. g4 Ne7 23. Nc3 Nd2 24. Bxd2 Bxd3 25. Nxd5 Rxa1 26. Nf6+ Kg7 27. Rxa1 Qb5 28. Ra3 Be2 29. Ng5 Nd5 30. Qh3 Nxf6 31. exf6+ Kxf6 32. Qxh7 Rc7 33. Ne4+ Ke7 34. Bg5+ Ke8 35. Ra8+ Kd7 36. Qxf7+ Kc6 37. Qxe6+ Bd6 38. Qxd6# 1-0

[Event "Budapest FS06 IM"]
[Site "Budapest"]
[Date "1995.??.??"]
[Round "10"]
[White "Kappler, Jean Marie"]
[Black "Aagaard, Jacob"]
[Result "1/2-1/2"]
[WhiteElo "2295"]
[BlackElo "2245"]
[PlyCount "44"]
[EventDate "1995.06.??"]
[EventType "tourn"]
[EventRounds "11"]
[EventCountry "HUN"]
[EventCategory "2"]
[SourceTitle "EXT 1997"]
[Source "ChessBase"]
[SourceDate "1996.11.15"]
[SourceVersion "1"]
[SourceVersionDate "1996.11.15"]
[SourceQuality "1"]

1. c4 g6 2. g3 Bg7 3. Bg2 e5 4. Nc3 Nc6 5. e3 d6 6. Nge2 h5 7. Rb1 Bf5 8. d3 h4 9. b4 Qd7 10. Nd5 Rc8 11. b5 Nd8 12. e4 Bh3 13. Bxh3 Qxh3 14. Qa4 hxg3 15. Nxg3 Kf8 16. Qxa7 f5 17. f4 g5 18. fxg5 f4 19. Qf2 Ke8 20. Bxf4 exf4 21. Nxf4 Qg4 22. 0-0 Qxg5 1/2-1/2

[Event "FRA-chT"]
[Site "France"]
[Date "1995.??.??"]
[Round "?"]
[White "Kappler, Jean Marie"]
[Black "Giffard, Nicolas"]
[Result "0-1"]
[WhiteElo "2295"]
[BlackElo "2390"]
[PlyCount "82"]
[EventDate "1995.??.??"]
[EventType "team"]
[EventRounds "5"]
[EventCountry "FRA"]
[SourceTitle "EXT 1997"]
[Source "ChessBase"]
[SourceDate "1996.11.15"]
[SourceVersion "1"]
[SourceVersionDate "1996.11.15"]
[SourceQuality "1"]

1. e4 c5 2. Nc3 Nc6 3. g3 g6 4. Bg2 Bg7 5. d3 d6 6. Nge2 Qd7 7. 0-0 b6 8. Be3 Bb7 9. Qd2 Nd4 10. Rab1 f5 11. Nf4 0-0-0 12. b4 Nf6 13. a4 g5 14. Nfe2 Nxe2+ 15. Qxe2 f4 16. Bd2 Ng4 17. bxc5 fxg3 18. fxg3 Bd4+ 19. Kh1 dxc5 20. Nb5 h5 21. Nxd4 cxd4 22. Rf5 Qxa4 23. h3 Ne3 24. Rxg5 Nxg2 25. Kxg2 Kb8 26. Rb4 Qa2 27. c3 Ka8 28. c4 Bc6 29. h4 Kb7 30. Qd1 Rdg8 31. Qc1 Rxg5 32. hxg5 h4 33. gxh4 Rxh4 34. Kg3 Rh8 35. Rb2 Qa4 36. Bf4 Bd7 37. Rh2 Rg8 38. Qb2 Qd1 39. Qd2 Qg4+ 40. Kf2 e5 41. Bxe5 Rxg5 0-1

[Event "Budapest FS06 IM"]
[Site "Budapest"]
[Date "1995.??.??"]
[Round "3"]
[White "Kappler, Jean Marie"]
[Black "Palkovi, Jozsef"]
[Result "0-1"]
[WhiteElo "2295"]
[BlackElo "2420"]
[PlyCount "68"]
[EventDate "1995.06.??"]
[EventType "tourn"]
[EventRounds "11"]
[EventCountry "HUN"]
[EventCategory "2"]
[SourceTitle "EXT 1997"]
[Source "ChessBase"]
[SourceDate "1996.11.15"]
[SourceVersion "1"]
[SourceVersionDate "1996.11.15"]
[SourceQuality "1"]

1. d4 Nf6 2. Nf3 e6 3. Bf4 Bd6 4. Bxd6 cxd6 5. Nc3 d5 6. Qd3 b6 7. g4 Ba6 8. Nb5 Bxb5 9. Qxb5 0-0 10. Rg1 Qc7 11. Qd3 Nc6 12. c3 b5 13. h4 b4 14. g5 Ne4 15. c4 b3 16. axb3 Nb4 17. Qb1 f5 18. gxf6 Rxf6 19. Ra4 Raf8 20. Rg4 a5 21. Rxe4 dxe4 22. Qxe4 Rf4 23. Qb1 Nc6 24. Qd3 Nb4 25. Qb1 Qb7 26. Bg2 Rg4 27. Kf1 h6 28. Qd1 Qe4 29. Rxa5 Nc6 30. Ra1 Qg6 31. Ne1 Nxd4 32. Qd3 Nf5 33. f3 Rd4 34. Qc3 Ng3+ 0-1

[Event "Kiekrz op"]
[Site "Kiekrz"]
[Date "1995.??.??"]
[Round "3"]
[White "Morvay, Miklos"]
[Black "Kappler, Jean Marie"]
[Result "1/2-1/2"]
[WhiteElo "2265"]
[BlackElo "2295"]
[PlyCount "49"]
[EventDate "1995.??.??"]
[EventType "swiss"]
[EventRounds "7"]
[EventCountry "BEL"]
[SourceTitle "EXT 1998"]
[Source "ChessBase"]
[SourceDate "1997.11.17"]
[SourceVersion "1"]
[SourceVersionDate "1997.11.17"]
[SourceQuality "1"]

1. e4 e6 2. d4 d5 3. Nc3 Bb4 4. exd5 Qxd5 5. Nf3 Nf6 6. Bd2 Bxc3 7. bxc3 c5 8. Bd3 Nc6 9. 0-0 0-0 10. Be3 c4 11. Be2 Ne4 12. Qe1 Bd7 13. Nd2 Nxd2 14. Qxd2 Rfd8 15. Rab1 b6 16. a4 Rac8 17. Rb5 Qd6 18. Rg5 Ne7 19. Bf4 Qa3 20. Rxg7+ Kxg7 21. Bh6+ Kh8 22. Qg5 Nf5 23. Qf6+ Kg8 24. Qg5+ Kh8 25. Qf6+ 1/2-1/2

[Event "Budapest FS06 IM"]
[Site "Budapest"]
[Date "1995.??.??"]
[Round "4"]
[White "Navarovszky, Laszlo"]
[Black "Kappler, Jean Marie"]
[Result "1/2-1/2"]
[WhiteElo "2295"]
[BlackElo "2295"]
[PlyCount "85"]
[EventDate "1995.06.??"]
[EventType "tourn"]
[EventRounds "11"]
[EventCountry "HUN"]
[EventCategory "2"]
[SourceTitle "EXT 1997"]
[Source "ChessBase"]
[SourceDate "1996.11.15"]
[SourceVersion "1"]
[SourceVersionDate "1996.11.15"]
[SourceQuality "1"]

1. d4 f5 2. Nf3 Nf6 3. g3 e6 4. Bg2 Be7 5. 0-0 0-0 6. b3 d5 7. c4 Nc6 8. Bb2 Ne4 9. Nfd2 Bf6 10. e3 Ne7 11. Qc2 Bd7 12. f3 Nxd2 13. Nxd2 Be8 14. b4 Rc8 15. Qb3 Kh8 16. a4 Bf7 17. c5 Qd7 18. b5 Rfd8 19. Qb4 c6 20. Nb3 Rb8 21. Rfc1 Bh5 22. Kf2 Qe8 23. b6 a6 24. Na5 Qd7 25. Bf1 Ra8 26. Qd2 Rf8 27. Bd3 Bg5 28. Re1 Ng8 29. Kg2 Nf6 30. Rf1 Bh6 31. Rae1 Kg8 32. h3 Qe7 33. Qc2 Bg6 34. g4 fxg4 35. hxg4 Bxd3 36. Qxd3 Rf7 37. Nb3 Raf8 38. Nd2 Nxg4 39. fxg4 Qh4 40. Rxf7 Qxg4+ 41. Kh2 Rxf7 42. Rf1 Qh4+ 43. Kg2 1/2-1/2

[Event "Verbandsliga Sued Baden 9495"]
[Site "Germany"]
[Date "1994.11.20"]
[Round "3.4"]
[White "Dubeck, Michael"]
[Black "Kappler, Jean Marie"]
[Result "0-1"]
[WhiteElo "2320"]
[BlackElo "2295"]
[PlyCount "58"]
[EventDate "1994.10.??"]
[EventType "team"]
[EventRounds "9"]
[EventCountry "GER"]
[SourceTitle "EXT 1999"]
[Source "ChessBase"]
[SourceDate "1998.11.16"]
[SourceVersion "1"]
[SourceVersionDate "1998.11.16"]
[SourceQuality "1"]
[WhiteTeam "Zaehringen III"]
[BlackTeam "Kehl"]
[WhiteTeamCountry "GER"]
[BlackTeamCountry "GER"]

1. Nf3 d6 2. d4 Bg4 3. Nbd2 e6 4. c3 Nd7 5. e4 Ngf6 6. Bd3 c6 7. 0-0 Be7 8. Re1 Bh5 9. Nf1 d5 10. Ng3 Bg6 11. Bf4 0-0 12. Ne5 Nxe5 13. Bxe5 Nd7 14. Bf4 Qb6 15. Rb1 a5 16. a4 Rfd8 17. exd5 cxd5 18. Bxg6 hxg6 19. Ne2 Qc6 20. Ra1 b5 21. axb5 Qxb5 22. b3 Ra6 23. Nc1 Rc8 24. Qf3 a4 25. Rxa4 Rxa4 26. bxa4 Qxa4 27. Bd2 Nf6 28. Bg5 Qa1 29. Nd3 Qa3 0-1

[Event "Dijon tt"]
[Site "Dijon"]
[Date "1994.??.??"]
[Round "2"]
[White "Berend, Fred"]
[Black "Kappler, Jean Marie"]
[Result "1-0"]
[WhiteElo "2405"]
[BlackElo "2305"]
[PlyCount "81"]
[EventDate "1994.??.??"]
[EventType "team"]
[EventRounds "9"]
[EventCountry "FRA"]
[SourceTitle "EXT 2004"]
[Source "ChessBase"]
[SourceDate "2003.11.25"]
[SourceVersion "1"]
[SourceVersionDate "2003.11.25"]
[SourceQuality "1"]

1. d4 d5 2. Nf3 Nf6 3. Bg5 Ne4 4. Bf4 c5 5. e3 Qb6 6. Nbd2 Nxd2 7. Qxd2 Qxb2 8. Rc1 c4 9. Be2 e6 10. 0-0 Bb4 11. Qd1 Nd7 12. e4 0-0 13. Rb1 Qa3 14. Ne5 Nxe5 15. dxe5 Qa5 16. Bf3 Rd8 17. Bg5 Re8 18. Bf4 Rd8 19. Bg5 Re8 20. Qe2 b6 21. Rfd1 Bb7 22. exd5 exd5 23. Bh5 Bf8 24. Rd4 Qc5 25. Rbd1 Qc7 26. Bf4 g6 27. Bf3 Bg7 28. e6 Qe7 29. Rxd5 fxe6 30. Rd7 Bxf3 31. Qxf3 Qf6 32. Qe4 Rad8 33. g3 Rc8 34. Kg2 e5 35. Be3 a6 36. R1d6 Qf5 37. Qd5+ Kh8 38. Rf7 Qxc2 39. Rdd7 Rg8 40. Qb7 Qa4 41. Bh6 1-0

[Event "Budapest FS12 IM"]
[Site "Budapest"]
[Date "1994.??.??"]
[Round "1"]
[White "Boros, Daniel"]
[Black "Kappler, Jean Marie"]
[Result "0-1"]
[WhiteElo "2260"]
[BlackElo "2295"]
[PlyCount "74"]
[EventDate "1994.12.??"]
[EventType "tourn"]
[EventRounds "11"]
[EventCountry "HUN"]
[EventCategory "2"]
[SourceTitle "EXT 1997"]
[Source "ChessBase"]
[SourceDate "1996.11.15"]
[SourceVersion "1"]
[SourceVersionDate "1996.11.15"]
[SourceQuality "1"]

1. e4 e6 2. d4 d5 3. Nc3 Bb4 4. e5 c5 5. a3 Bxc3+ 6. bxc3 Ne7 7. Qg4 Kf8 8. a4 Nbc6 9. Bb5 cxd4 10. cxd4 Nb4 11. Rb1 Nxc2+ 12. Kd1 Qc7 13. Bd3 Nb4 14. Rxb4 Qc3 15. Bd2 Qxd3 16. Ne2 h5 17. Qg5 b6 18. Nf4 Qf5 19. Qg3 Nc6 20. Rb2 Ba6 21. Qe3 h4 22. Rc2 Bc4 23. h3 Kg8 24. Rb2 Rc8 25. Rg1 Rc7 26. f3 g5 27. Ne2 f6 28. exf6 Kf7 29. f4 g4 30. Re1 gxh3 31. gxh3 Rg8 32. Rg1 Rcc8 33. Be1 Bxe2+ 34. Rxe2 Qb1+ 35. Kd2 Qb4+ 36. Kd1 Qxa4+ 37. Kd2 Nxd4 0-1

[Event "Budapest FS12 IM"]
[Site "Budapest"]
[Date "1994.??.??"]
[Round "3"]
[White "Kawaciukova, Zuzana"]
[Black "Kappler, Jean Marie"]
[Result "1/2-1/2"]
[WhiteElo "2120"]
[BlackElo "2295"]
[PlyCount "82"]
[EventDate "1994.12.??"]
[EventType "tourn"]
[EventRounds "11"]
[EventCountry "HUN"]
[EventCategory "2"]
[SourceTitle "EXT 1997"]
[Source "ChessBase"]
[SourceDate "1996.11.15"]
[SourceVersion "1"]
[SourceVersionDate "1996.11.15"]
[SourceQuality "1"]

1. e4 e6 2. d4 d5 3. e5 c5 4. c3 Nc6 5. Nf3 Nh6 6. Na3 cxd4 7. cxd4 Nf5 8. Nc2 Bd7 9. Be2 Nh4 10. 0-0 Nxf3+ 11. Bxf3 f6 12. Qd3 g6 13. exf6 Qxf6 14. Re1 Be7 15. Bg4 0-0 16. Qe2 Rf7 17. Be3 Bd6 18. Bf3 Raf8 19. Qd2 Qd8 20. Bh6 Bf4 21. Bxf4 Rxf4 22. Rad1 Qf6 23. Qd3 Kg7 24. Re3 Bc8 25. Qc3 Ne7 26. Ne1 Kh8 27. Red3 Nc6 28. R3d2 Bd7 29. Qe3 Na5 30. b3 Nc6 31. Rd3 Nb4 32. R3d2 Bb5 33. Qc3 Nc6 34. Qc5 Ba6 35. b4 Ne7 36. b5 b6 37. Qc7 Bxb5 38. Qxa7 Nc8 39. Qa3 Bc4 40. Qb4 b5 41. Nc2 Qe7 1/2-1/2

[Event "FRA-chT"]
[Site "France"]
[Date "1994.??.??"]
[Round "2"]
[White "Pinter, Jozsef"]
[Black "Kappler, Jean Marie"]
[Result "1-0"]
[WhiteElo "2555"]
[BlackElo "2325"]
[PlyCount "81"]
[EventDate "1994.??.??"]
[EventType "team"]
[EventRounds "11"]
[EventCountry "FRA"]
[SourceTitle "EXT 1999"]
[Source "ChessBase"]
[SourceDate "1998.11.16"]
[SourceVersion "1"]
[SourceVersionDate "1998.11.16"]
[SourceQuality "1"]

1. d4 d5 2. c4 e6 3. Nc3 c5 4. cxd5 cxd4 5. Qa4+ Bd7 6. Qxd4 exd5 7. Qxd5 Nc6 8. Nf3 Nf6 9. Qd1 Bc5 10. e3 Qe7 11. Be2 0-0-0 12. 0-0 g5 13. b4 Bxb4 14. Bb2 g4 15. Nd4 Rhg8 16. Ncb5 Kb8 17. Qb3 Ne4 18. Rfc1 Rg6 19. a3 Ba5 20. Bd3 Rh6 21. Qc2 Nd6 22. Nxd6 Qxd6 23. g3 Ne5 24. Be4 Bb6 25. Rd1 Qe7 26. Rac1 Bc8 27. Bg2 Rhd6 28. a4 Qg5 29. Ba3 R6d7 30. Nb5 Nd3 31. Rxd3 Rxd3 32. Bd6+ R3xd6 33. Nxd6 Be6 34. Qe4 Qe7 35. Nxb7 Rc8 36. Rxc8+ Kxc8 37. Qc6+ Bc7 38. Qa6 Qb4 39. Na5+ Kd7 40. Qc6+ Kc8 41. Qe8+ 1-0

[Event "FRA-chT"]
[Site "France"]
[Date "1994.??.??"]
[Round "?"]
[White "Roos, Louis"]
[Black "Kappler, Jean Marie"]
[Result "1-0"]
[WhiteElo "2455"]
[BlackElo "2305"]
[PlyCount "61"]
[EventDate "1994.??.??"]
[EventType "team"]
[EventRounds "11"]
[EventCountry "FRA"]
[SourceTitle "TD"]
[Source "ChessBase"]
[SourceDate "1994.03.01"]
[SourceVersion "1"]
[SourceVersionDate "1994.03.01"]
[SourceQuality "1"]

1. e4 Nc6 2. Nf3 d6 3. d4 Nf6 4. Nc3 Bg4 5. Bb5 a6 6. Bxc6+ bxc6 7. h3 Bh5 8. Qe2 e6 9. g4 Bg6 10. Bg5 Be7 11. Bxf6 Bxf6 12. 0-0-0 Qb8 13. h4 h5 14. g5 Be7 15. d5 c5 16. Rhg1 Qb7 17. a3 Rb8 18. b3 0-0 19. Nd2 exd5 20. Nxd5 Rfe8 21. f4 Bf8 22. Qf3 c6 23. Nc3 Bh7 24. f5 g6 25. Nc4 d5 26. exd5 gxf5 27. dxc6 Qc8 28. Rd7 Re6 29. Nd5 Bg6 30. Nf6+ Kh8 31. c7 1-0

[Event "FRA-ch Fide"]
[Site "Nantes"]
[Date "1993.08.22"]
[Round "6"]
[White "Kappler, Jean Marie"]
[Black "Lagunes, Jean Renaud"]
[Result "1-0"]
[WhiteElo "2325"]
[BlackElo "2215"]
[PlyCount "55"]
[EventDate "1993.08.??"]
[EventType "swiss"]
[EventRounds "11"]
[EventCountry "FRA"]
[SourceTitle "EXT 2004"]
[Source "ChessBase"]
[SourceDate "2003.11.25"]
[SourceVersion "1"]
[SourceVersionDate "2003.11.25"]
[SourceQuality "1"]

1. e4 g6 2. d4 Bg7 3. Nc3 c6 4. Be3 d5 5. e5 f6 6. f4 Nh6 7. Nf3 Bg4 8. h3 Nf5 9. Bf2 Bxf3 10. Qxf3 0-0 11. g4 Nxd4 12. Bxd4 fxe5 13. Bf2 exf4 14. 0-0-0 e6 15. h4 Nd7 16. g5 Qa5 17. h5 Bxc3 18. bxc3 Qxa2 19. hxg6 Qa3+ 20. Kd2 hxg6 21. Bd4 e5 22. Qh3 Qe7 23. Qh8+ Kf7 24. Rh7+ Ke8 25. Rxe7+ Kxe7 26. Qg7+ Rf7 27. Bc5+ Nxc5 28. Qxe5+ 1-0

[Event "FRA"]
[Site "France"]
[Date "1993.??.??"]
[Round "?"]
[White "Kappler, Jean Marie"]
[Black "Ebalard, Marc"]
[Result "1-0"]
[WhiteElo "2300"]
[BlackElo "2260"]
[PlyCount "81"]
[EventDate "1993.??.??"]
[EventType "team"]
[EventRounds "11"]
[EventCountry "FRA"]
[SourceTitle "TD"]
[Source "ChessBase"]
[SourceDate "1994.03.01"]
[SourceVersion "1"]
[SourceVersionDate "1994.03.01"]
[SourceQuality "1"]

1. e4 g6 2. d4 Bg7 3. c4 d6 4. Nc3 c6 5. h3 Nd7 6. Be3 e5 7. d5 c5 8. Qd2 f5 9. f3 f4 10. Bf2 Ngf6 11. Nge2 Nh5 12. Nc1 Bf6 13. a3 Bh4 14. Bd3 Bxf2+ 15. Qxf2 Ng3 16. Rg1 0-0 17. b4 Rf6 18. Nb3 b6 19. Kd2 g5 20. Rgb1 h5 21. Nc1 Rg6 22. N1e2 Nxe2 23. Bxe2 Nf6 24. a4 cxb4 25. Rxb4 Nd7 26. a5 bxa5 27. Rb5 Nc5 28. Rxc5 dxc5 29. Qxc5 Qb6 30. Na4 Qd8 31. Nc3 Qb6 32. Na4 Qd8 33. Nc3 Ba6 34. Qxa5 Rb6 35. Kc1 Rc8 36. c5 Bxe2 37. cxb6 axb6 38. Qb4 g4 39. hxg4 Qh4 40. Kd2 Bc4 41. Qxb6 1-0